MDQL
is popping MORE tags! Check the
thread
!
Quizzes
Events
Quiz Creation
Community
Videos
Private Events
Remove Ads
Sign In
Join for FREE
Feedback
Dark Mode
Quiz Categories
Sports
Geography
Music
Movies
Television
Just For Fun
Miscellaneous
History
Literature
Language
Science
Gaming
Entertainment
Religion
Holiday
For Kids
Quiz Lab
Recent
Popular Today
Quiz Kudos Today
Editor Picks
Curator Picks
Quizzes by...
Day
Popularity
Type
Ratings
Length
Year
Community
Subscriptions
Recent Discussions
Orange Saloon
Badges
Playlists
Quests
Create
Leaderboards
Showdown
Live 5
Trivia Bingo
Activity
Puzzle Library
Sporcle Events
Private Events
Virtual Trivia
Globe League
Become a Host
Pub Owners
SporcleCon
Opinionation
Our Games
Videos
Blog
Mobile Apps
Partnerships
Remove Ads and Go Orange
Feedback
Movies
Disney
Marvel Cinematic Universe
Movie Resume
Movie Titles
Oscar
Actor
Actress
Director
Pixar
Role
Movie Quotes
Movie Characters
Box Office
Nominee
Best Picture
Star Wars
James Bond
Horror Movies
Movies
Disney
Marvel Cinematic Universe
Movie Resume
Movie Titles
Oscar
Actor
Actress
Director
Pixar
Role
Movie Quotes
Movie Characters
Box Office
Nominee
Best Picture
Star Wars
James Bond
Horror Movies
Random Quiz
Search Sporcle
×
Quiz Lab
Quiz Lab
Movies
Type in answers that appear in a list
Type in answers that appear in a list
Classic
Best Score? Go Orange.
Movie by Premise Stats
Can you name the Movie by Premise?
By
abl0632
3m
20 Questions
267 Plays
267 Plays
267 Plays
Comments
Comments
Give Quiz Kudos
Give Quiz Kudos
-
- Ratings
hide this ad
Replay
Link that replays current quiz
Next Quiz
Link to next quiz in quiz playlist
You Got
0%
They Got
Avg Score
59%
Avg Friend Score
Upgrade to see
Score Distribution
Jump to the score distribution portion of the page
Score
0/20
Timer
03:00
0
Plays Today
Premise
Movie Title
% Correct
A man ties a bunch of balloons to his house to fly to South America
Up
95.1%
A Janitor solves complicated math problems put up on a blackboard by an MIT professor
Good Will Hunting
85.8%
A British spy is cryogenically frozen in the 1960s so he can come alive again when his nemesis shows up in the 1990s
Austin Powers: International Man of Mystery
84.3%
Three treasure hunters use clues left behind in Historical objects and buildings to find a grand treasure
National Treasure
82.8%
Three guys out of college go back and start a fraternity
Old School
80.5%
A boxing champion schedules a promotional fight against a local fighter who almost pulls a huge upset
Rocky
71.9%
The police and mob both have moles inside each other, who must try to figure out who the other mole is first to stay alive
The Departed
71.9%
A simple man gets involved in many of the major events of the '60s, '70s, and '80s
Forrest Gump
71.5%
A corporate thief breaks into people's minds to steal and/
or plant ideas
Inception
69.7%
Two people fall in love but can only communicate with each other through a time traveling mailbox because one is two years ahead of the other in time
The Lake House
60.7%
Premise
Movie Title
% Correct
Four guys go to Las Vegas for one's bachelor party. But after a wild night of partying, none of them can remember what happened and the groom is missing
The Hangover
54.7%
Five high school students, all from different social groups, bond with each other during a shared detention period
The Breakfast Club
54.3%
Two guys pick up chicks by crashing marital ceremonies
Wedding Crashers
47.9%
A boy runs away from home and makes money by posing as a doctor, pilot and lawyer while forging checks
Catch Me If You Can
46.8%
A girl moves from Africa to America and immediately becomes immersed in the cliques of her new high school
Mean Girls
46.1%
A rich girl and a poor artist fall in love on an ill-
fated cruise
Titanic
42.7%
A Disney princess is transported from her magical animated world to New York City
Enchanted
41.6%
Thieves attempt to steal gold to get revenge on a man who betrayed them and killed their leader
The Italian Job
37.1%
Rival Magicians battle each other to come up with new tricks, but soon, the rivalry leads to death
The Prestige
33.7%
A man tries to raise money for his stepfather's surgery by performing daredevil stunts
Hot Rod
15%
Quiz Playlist
Details
Report
Send in Message
Add To Playlist
Classic:
Type in answers that appear in a list
Last Updated: Feb 16, 2017
Quiz Scoreboard
CHALLENGE
Sign Up to Join the Scoreboard
Show All
Scores
Hide
Comments
May contain spoilers
Recently Published
Colored Red Africa Blitz
by spor1
Geography
30s
Find the 'City' Movie
by crazypaving
Movies
60s
5x2 Blitz: Bands
by SL_Kpop136
Music
30s
More to Explore
Quiz From the Vault
Featured Blog Post
14 Easter Pick-up Lines to Find Eggs With
hide this ad
You Might Also Like...
Tags
This quiz does not have any tags.
Today's Top Quizzes in Movies
Browse Movies
hide this ad
Top Contributed Quizzes in Movies
1
Find The 'Big' Movie
2
Find The 'Blue' Movie
3
Find The 'Wild' Movie
4
Movies By Plot
5
Hidden Star Wars Character II
6
Pick 5 Posters: Directed by Spielberg
7
Hidden Star Wars Character III
8
Hidden Star Wars Character IV
9
25 Best Actor Nominees (1990s)
10
Alfred Hitchcock Movies by Plot
Explore More
Trending Topics
Kpop
Disney
NBA
Marvel
Crossword
Harry Potter
Anime
Pokémon
Country
Puzzle
NFL
Soccer
Song
The Office
WWE
hide this ad
More By:
abl0632
Quiz
Plays
Rating
Category
Featured
Created
Assorted Random Trivia
910
1.85
Just For Fun
Sep 19, 2010
Dobby Quiz
881
3.64
Literature
Dec 13, 2010
Monty Python Witch Scene
852
2.86
Movies
Nov 11, 2010
Premier League Cities All Time
815
4.78
Sports
May 17, 2015
Movie By Villain
477
3.88
Movies
Jul 25, 2010
Go to Creator's Profile
Score Distribution
Quiz Creator Spotlight
abl0632
Follow
Send a Message
Quizzes Created
-
Created Quiz Play Count
-
More By This Creator
Popular Quizzes Today
1
Colored Red Africa Blitz
2
Find the 'City' Movie
3
5x2 Blitz: Bands
4
Find the US States - No Outlines Minefield
5
The Countries of the World
6
Find the US States
7
US States
8
Find the Countries of Europe - No Outlines Minefield
More Movies Quizzes
24 Movie Stars in 2005 (picture click)
Quiz Lab
Trending Quizzes
Colored Red Europe Blitz I
Colored Red Africa Blitz II
Colored Red Europe Blitz II
Colored Red Africa Blitz III
Colored Red Europe Blitz III
Recently Updated
How Do You Spell That?
pecheneg
Godzilla Movies
pecheneg
Grab Bag: 4-10 Letters
pecheneg
2024 March Madness Bracket
pecheneg
Famous TV Couples
Peacemaker
Champions League XIs: Real Madrid
pecheneg
Largest US Cities 1790-2010
pecheneg
Rides in Walt Disney World
pecheneg
Most Oscar Losses (Acting)
pecheneg
Beyoncé Albums
pecheneg
Trending Topics
Anime
Kpop
Harry Potter
Crossword
Disney
Marvel
NBA
NFL
Soccer
The Office
Song
Country
WWE
Pokémon
Puzzle
Your Account Isn't Verified!
In order to create a playlist on Sporcle, you need to verify the email address you used during registration. Go to your
Sporcle Settings
to finish the process.
Report this User
Report this user for behavior that violates our
Community Guidelines
.
Details:
Send Report
Go to the Sporcle.com Mobile Site →
Comments